000 00421nmm a2200145Ia 4500
008 251105s9999||||xx |||||||||||||||||und||
041 _aspa
100 _aMarchant Lazcano, Jorge
245 0 _aSangre como la mía
264 _a[Madrid, España] :
_bEditorial Egales,
_c2019
300 _a325 páginas
650 _aLatin American narrative
856 _uhttps://public.digitaliapublishing.com/a/158416
942 _cCF
999 _c106652
_d106652